00561nam a22001697a 4500999001900000003000500019038001500024082001000039100002700049245008600076260003700162300003100199500001500230600004000245942001300285952009300298 c524751d524751NUST aMr. Zahoor a621.3 aAnaum Saad Khan915544 aEngine Transmission Faults Detection by analyzing Engine Sound /cAnaum Saad Khan aIslamabad :bCEME - NUST,c2014. axi, 33 p. : ill. ;c30 cm. aHardcover. 2Electrical Engineering - MS Thiesis 2ddccTHE 00102ddc4070aCLbCLcTHEd2019-06-25l0o621.3pCL-T-16r2019-06-25w2019-06-25yTHE